| 000 | 00374nam a2200121Ia 4500 | ||
|---|---|---|---|
| 005 | 20251222142000.0 | ||
| 008 | 251222s9999||||xx |||||||||||||| ||spa|| | ||
| 082 | _a985.41/Q74 | ||
| 100 | _aQuiroz Nieto, Carlos Eduardo | ||
| 245 | 0 | _aDocumentos para la Historia de Arequipa durante la Guerra con Chile 1879-1880 | |
| 264 | _bMunicipalidad Provincial de Arequipa | ||
| 942 | _cLIB | ||
| 999 |
_c9971 _d9971 |
||